Catalog

Record Details

Catalog Search



Amoris Laetitia : podľa vôle a úmyslov pápeža Františka / Karol Moravčík, Jaroslav Rindoš (eds.)

Moravčík, Karol, 1952- (Editor, Author, Translator). Rindoš, Jaroslav, (Editor, Author, Translator). Schönborn, Christoph, 1945- (Author). Kasper, Walter, 1933- (Author). Bezák, Róbert, 1960- (Author). Čikelová, Eva (Translator).

Record details

  • ISBN: 978-80-89913-51-0
  • Physical Description: 147 stran ; 19 cm
  • Edition: Vydanie prvé
  • Publisher: Bratislava : Petrus, 2020

Content descriptions

General Note:
V autorských údajoch na záložke obalu chybne uvedené meno kardinála: Christoph Schöndorf (správne má byť Christoph Schönborn)
Obsahuje biografické údaje o autoroch na záložke publikácie
Bibliography, etc. Note:
Obsahuje bibliografické odkazy
Subject: Katolická církev. Papež (2013- : František). Amoris laetitia
rodina > křesťanská víra
křesťanské manželství
pastorální teologie
učení katolické církve
papežské dokumenty
křesťanská apologetika
family
Christian faith
Christian marriage
pastoral theology
Catholic doctrine
papal documents
christian apologetics
Genre: přednášky
lectures

Available copies

  • 1 of 1 copy available at Common Catalog SPOK.

Holds

  • 0 current holds with 1 total copy.
Show Only Available Copies
Location Call Number / Copy Notes Barcode Shelving Location Status Due Date
Jabok Library PT-7.3/M 424480044425 Odborná literatura Available -

LDR 02622nam a22006857i 4500
00150492
003CZ-PrJAB
00520220104143828.0
007ta
008201216s2020 xo fr 000 0 slo
020 . ‡a978-80-89913-51-0 ‡q(brožováno)
035 . ‡a(CZ PrSKC)000268425
040 . ‡aSVKPO ‡bslo ‡cSVKPO ‡dSNK ‡dCBD005 ‡erda
072 7. ‡a27-46/-48 ‡xPastorální teologie ‡2Konspekt ‡95
080 . ‡a316.356.2 ‡2MRF
080 . ‡a27-423.79 ‡2MRF
080 . ‡a27-452 ‡2MRF
080 . ‡a27-46 ‡2MRF
080 . ‡a272-1/-9 ‡2MRF
080 . ‡a272-732.2-284/-285 ‡2MRF
080 . ‡a27-285.2 ‡2MRF
080 . ‡a(042.3) ‡2MRF
24500. ‡aAmoris Laetitia : ‡bpodľa vôle a úmyslov pápeža Františka / ‡cKarol Moravčík, Jaroslav Rindoš (eds.)
250 . ‡aVydanie prvé
264 1. ‡aBratislava : ‡bPetrus, ‡c2020
300 . ‡a147 stran ; ‡c19 cm
336 . ‡atext ‡btxt ‡2rdacontent
337 . ‡abez média ‡bn ‡2rdamedia
338 . ‡asvazek ‡bnc ‡2rdacarrier
4901 . ‡aLimes ; ‡vXVI. zväzok
500 . ‡aV autorských údajoch na záložke obalu chybne uvedené meno kardinála: Christoph Schöndorf (správne má byť Christoph Schönborn)
500 . ‡aObsahuje biografické údaje o autoroch na záložke publikácie
504 . ‡aObsahuje bibliografické odkazy
61027. ‡aKatolická církev. ‡bPapež (2013- : František). ‡tAmoris laetitia ‡7kon2016935512 ‡2czenas
648 7. ‡a21. století př. Kr. ‡7ch460519 ‡2czenas
648 9. ‡a21st century ‡2eczenas
65007. ‡arodina ‡7ph117260 ‡xkřesťanská víra ‡2czenas
65007. ‡akřesťanské manželství ‡7ph115066 ‡2czenas
65007. ‡apastorální teologie ‡7ph123991 ‡2czenas
65007. ‡aučení katolické církve ‡7ph135482 ‡2czenas
65007. ‡apapežské dokumenty ‡7ph123940 ‡2czenas
65007. ‡akřesťanská apologetika ‡7ph115055 ‡2czenas
65009. ‡afamily ‡2eczenas
65009. ‡aChristian faith ‡2eczenas
65009. ‡aChristian marriage ‡2eczenas
65009. ‡apastoral theology ‡2eczenas
65009. ‡aCatholic doctrine ‡2eczenas
65009. ‡apapal documents ‡2eczenas
65009. ‡achristian apologetics ‡2eczenas
655 7. ‡apřednášky ‡7fd133199 ‡2czenas
655 9. ‡alectures ‡2eczenas
7001 . ‡aMoravčík, Karol, ‡d1952- ‡7jo2002104782 ‡4edt ‡4aut ‡4trl
7001 . ‡aRindoš, Jaroslav, ‡4edt ‡4aut ‡4trl
7001 . ‡aSchönborn, Christoph, ‡d1945- ‡7skuk0001242 ‡4aut
7001 . ‡aKasper, Walter, ‡d1933- ‡7skuk0003346 ‡4aut
7001 . ‡aBezák, Róbert, ‡d1960- ‡7jo2014804145 ‡4aut
7001 . ‡aČikelová, Eva ‡4trl
830 0. ‡aLimes
910 . ‡aABG312
995 . ‡aska
901 . ‡a50492 ‡bAUTOGEN ‡c50492 ‡tbiblio

Additional Resources